01877cam a22003255a 45000010009000000050017000090080041000260200043000670400033001100820022001431000028001652450081001932500012002742600064002863000034003505000024003845040031004085200650004396500066010896500047011556500034012026500061012366510010012976530021013076550024013287000023013529420008013759990017013839520151014001795701120150621104453.0131126t2014 flua frb 001 0 eng d a9781466567368 (hardcover : alk. paper) aDNLM/DLCbengcDLCdEG-ScBUE04a616.0754bSEM2221 aSemmlow, John L.93818210aBiosignal and medical image processing /cJohn L. Semmlow, Benjamin Griffel. a3rd ed. aBacon Raton :bCRC Press / Taylor & Francis Group,cc.2014. axxi, 607 p. :bill. ;c27 cm. aIndex : p. 593-608. aBibliography : p. 589-592. a"This third edition of a bestseller offers comprehensive coverage of the major approaches in biomedical signal and image processing. It provides a complete set of signal processing tools, including diagnostic decision-making tools, and classification methods. Thoroughly revised and updated, it supplies important new material on nonlinear methods for describing and classifying signals, including entropy-based methods and scaling methods. This edition covers data "cleaning" methods commonly used in such areas as heart rate variability studies, along with actual examples. It also includes new end-of-chapter problems"--Provided by publisher. 0aSignal Processing, Computer-Assistedxinstrumentation.2BUEsh 0aImaging systems in medicine.2BUEsh936644 0aBiosensing Techniques.2BUEsh 0aImage Interpretation, Computer-Assistedxmethods.2BUEsh 2BUEsh bENGELCcJune2015 vreading book9342321 aGriffel, Benjamin. 2ddc c19598d19570 00102ddc40708BaccahaMAINbMAINc1STd2015-06-11epurchaseg620.00l2m7o616.0754 SEMp000038404r2025-07-15 00:00:00s2017-11-23v775.00yBB